Marketing management : (Record no. 4142)

000 -LEADER
fixed length control field 01281cam a22003374a 4500
001 - CONTROL NUMBER
control field 13457832
005 - DATE AND TIME OF LATEST TRANSACTION
control field 20190523111335.0
008 - FIXED-LENGTH DATA ELEMENTS--GENERAL INFORMATION
fixed length control field 040114s2005 nyua b 001 0 eng
010 ## - LIBRARY OF CONGRESS CONTROL NUMBER
LC control number 2004042585
020 ## - INTERNATIONAL STANDARD BOOK NUMBER
International Standard Book Number 0072967625 (alk. paper)
040 ## - CATALOGING SOURCE
Original cataloging agency DLC
Transcribing agency DLC
Modifying agency DLC
042 ## - AUTHENTICATION CODE
Authentication code pcc
050 00 - LIBRARY OF CONGRESS CALL NUMBER
Classification number HF5415.13
Item number .L315 2005
082 00 - DEWEY DECIMAL CLASSIFICATION NUMBER
Classification number 658.8
Edition number 22
100 1# - MAIN ENTRY--PERSONAL NAME
Personal name Lal, Rajiv.
Dates associated with a name 2005
245 10 - TITLE STATEMENT
Title Marketing management :
Remainder of title text and cases /
Statement of responsibility, etc Rajiv Lal, John A. Quelch, V. Kasturi Rangan.
250 ## - EDITION STATEMENT
Edition statement [1st ed.]
260 ## - PUBLICATION, DISTRIBUTION, ETC. (IMPRINT)
Place of publication, distribution, etc New York, N.Y. :
Name of publisher, distributor, etc McGraw-Hill/Irwin,
Date of publication, distribution, etc c2005.
300 ## - PHYSICAL DESCRIPTION
Extent xiii, 812 p. :
Other physical details ill. ;
Dimensions 26 cm.
440 #0 - SERIES STATEMENT/ADDED ENTRY--TITLE
Title McGraw-Hill/Irwin series in marketing
504 ## - BIBLIOGRAPHY, ETC. NOTE
Bibliography, etc Includes bibliographical references and index.
650 #0 - SUBJECT ADDED ENTRY--TOPICAL TERM
Topical term or geographic name as entry element Marketing
General subdivision Management.
650 #0 - SUBJECT ADDED ENTRY--TOPICAL TERM
Topical term or geographic name as entry element Marketing
General subdivision Management
Form subdivision Case studies.
700 1# - ADDED ENTRY--PERSONAL NAME
Personal name Quelch, John A.
700 1# - ADDED ENTRY--PERSONAL NAME
Personal name Rangan, V. Kasturi
856 41 - ELECTRONIC LOCATION AND ACCESS
Materials specified Table of contents only
Uniform Resource Identifier <a href="http://www.loc.gov/catdir/toc/mh041/2004042585.html">http://www.loc.gov/catdir/toc/mh041/2004042585.html</a>
856 42 - ELECTRONIC LOCATION AND ACCESS
Materials specified Publisher description
Uniform Resource Identifier <a href="http://www.loc.gov/catdir/enhancements/fy0632/2004042585-d.html">http://www.loc.gov/catdir/enhancements/fy0632/2004042585-d.html</a>
906 ## - LOCAL DATA ELEMENT F, LDF (RLIN)
a 7
b cbc
c orignew
d 1
e ocip
f 20
g y-gencatlg
942 ## - ADDED ENTRY ELEMENTS (KOHA)
Source of classification or shelving scheme
Item type Book
Holdings
Withdrawn status Lost status Source of classification or shelving scheme Damaged status Not for loan Home library Current library Shelving location Date acquired Total Checkouts Full call number Barcode Date last seen Copy number Price effective from Koha item type
          Riara University Library Riara University Library General stack 23/05/2019   HF5415 .13 .L315 2005 10231 /19 23/05/2019 C.1 23/05/2019 Book

Riara University Library,
P.O. Box 49940-00100,
Nairobi, Kenya.